Nemecký jazyk slovensko-nemecký a nemecko-slovenský slovník z cestovného ruchu a spoločného stravovania

Salvato in:
Dettagli Bibliografici
Autore principale: Bohušová, Eva
Ente Autore: Vysoká škola ekonomická v Bratislave. Fakulta ekonomiky služieb a cestovného ruchu v Banskej Bystrici
Altri autori: Miková, K.
Natura: Libro
Lingua:slovacco
tedesco
Pubblicazione: Bratislava VŠE 1984
Tags: Aggiungi Tag
Nessun Tag, puoi essere il primo ad aggiungerne!!

MARC

LEADER 00000nam a2200000 4500
001 c111782
005 20221220085320.0
041 0 |a slo 
041 0 |a ger 
044 |a SK 
245 1 0 |a Nemecký jazyk  |b slovensko-nemecký a nemecko-slovenský slovník z cestovného ruchu a spoločného stravovania  |c Eva Bohušová a K. Miková 
264 1 |a Bratislava  |b VŠE  |c 1984 
300 |a 289 s. 
100 1 |a Bohušová, Eva 
700 1 |a Miková, K. 
710 2 |a Vysoká škola ekonomická v Bratislave. Fakulta ekonomiky služieb a cestovného ruchu v Banskej Bystrici